00705 2200229 4500001002100000005001500021035002000036007000300056008004100059040001700100082001500117084001700132090001900149245011300168260006200281300002300343650001900366850001200385041000800397110005200405990001800457INLIS00000000084340720181220020153 a0010-1218000454ta181220s1947 yoi f ind d aYOPDYOGbind04223a297.53 a297.53 IND s aL 297.53 IND s0 aSambutan: Kementerian Agama atas kedatangan bulan ramadlan almubarak /cKementerian Agama Republik Indonesia3 aJogjakarta :bKementerian Agama Republik Indonesia,c1947 a8 halaman ;c19 cm 4aPuasa ramadhan aYOPDYOG0 aind aIndonesia. Kementerian Agama Republik Indonesia a61275-PD/A.18